MARC details
| 000 -CABECERA |
| campo de control de longitud fija |
01476nam a2200277 a 4500 |
| 005 - FECHA Y HORA DE LA ÚLTIMA TRANSACCIÓN |
| campo de control |
20231017063735.0 |
| 008 - ELEMENTOS DE LONGITUD FIJA--INFORMACIÓN GENERAL |
| campo de control de longitud fija |
021206s2003 mx r 000 0 spa d |
| 020 ## - NÚMERO INTERNACIONAL NORMALIZADO PARA LIBROS |
| Número Internacional Estándar del Libro |
9685505543 |
| 035 ## - NÚMERO DE CONTROL DEL SISTEMA |
| Número de control de sistema |
UPN01000141003 |
| 049 ## - COLECCIÓN |
| Colección |
CG |
| 050 #4 - SIGNATURA TOPOGRÁFICA DE LA BIBLIOTECA DEL CONGRESO |
| Número de clasificación |
JL1299 D5 |
| Número de documento/Ítem |
E5.7 2003 |
| 245 00 - MENCIÓN DE TÍTULO |
| Título |
Ensayos. |
| 260 ## - PUBLICACIÓN, DISTRIBUCIÓN, ETC. |
| Lugar de publicación, distribución, etc. |
México : |
| Nombre del editor, distribuidor, etc. |
Instituto Electoral del Distrito Federal, |
| Fecha de publicación, distribución, etc. |
2003. |
| 300 ## - DESCRIPCIÓN FÍSICA |
| Extensión |
119 p. |
| 500 ## - NOTA GENERAL |
| Nota general |
"3er. Concurso de tesis, ensayo y cuento 2003" |
| 505 8# - NOTA DE CONTENIDO CON FORMATO PREESTABLECIDO |
| Título |
Vecinos, identidades locales y participación ciudadana en la ciudad de México : la experiencia de los comités vecinales / |
| Mención de responsabilidad |
Héctor Tejera Gaona -- |
| Título |
Revaluación de la participación ciudadana en el Distrito Federal : legitimar para ser legitimado / |
| Mención de responsabilidad |
Claire Alexandre Smith Pérez -- |
| Título |
Ley de participación ciudadana : ¿corresponsabilidad y cooperación? / |
| Mención de responsabilidad |
Edgar Esquivel Solís |
| 650 #4 - ASIENTO SECUNDARIO DE MATERIA - TERMINO TEMATICO |
| Término de materia o nombre geográfico como elemento de entrada |
Democracia |
| Subdivisión geográfica |
México |
| 9 (RLIN) |
13249 |
| 651 #4 - ASIENTO SECUNDARIO DE MATERIA - NOMBRE GEOGRAFICO |
| Nombre geográfico |
Distrito Federal (México) |
| Subdivisión general |
Política y gobierno |
| 9 (RLIN) |
14004 |
| 700 1# - ASIENTO SECUNDARIO--NOMBRE DE PERSONAL |
| Nombre de persona |
Tejera Gaona, Héctor, |
| Término indicativo de función/relación |
colab. |
| 9 (RLIN) |
41063 |
| 700 1# - ASIENTO SECUNDARIO--NOMBRE DE PERSONAL |
| Nombre de persona |
Smith Pérez, Claire Alexandre, |
| Término indicativo de función/relación |
colab. |
| 700 1# - ASIENTO SECUNDARIO--NOMBRE DE PERSONAL |
| Nombre de persona |
Esquivel Solís, Edgar, |
| Término indicativo de función/relación |
colab. |
| 740 0# - ASIENTO SECUNDARIO - TÍTULOS RELACIONADOS /ANALITICOS NO CONTROLADOS |
| Título relacionado o analítico no controlado |
Vecinos, identidades locales y participación ciudadana en la ciudad de México : la experiencia de los comités vecinales |
| 740 0# - ASIENTO SECUNDARIO - TÍTULOS RELACIONADOS /ANALITICOS NO CONTROLADOS |
| Título relacionado o analítico no controlado |
Revaluación de la participación ciudadana en el Distrito Federal : legitimar para ser legitimado |
| 740 0# - ASIENTO SECUNDARIO - TÍTULOS RELACIONADOS /ANALITICOS NO CONTROLADOS |
| Título relacionado o analítico no controlado |
Ley de participación ciudadana : ¿corresponsabilidad y cooperación? |
| 905 ## - TIPO DE MATERIAL |
| Tipo de material |
Libro |